00348nam a2200109Ia 4500008004100000020001800041040002900059050002400088100002700112245005200139260004700191221021s9999||||xx |||||||||||||| ||und|| a1-59339-236-2 cChuka University Library aAE 5b.B75 2005 V.4 aEncyclopedia Britanica 4aThe New Encyclopaedia Britannica: in 32 volumes achicagobencyclopadia britanica inc.c2005